000 00319nam a22001457a 4500
008 221109b ||||| |||| 00| 0 eng d
020 _a9780393928464
041 _aeng
080 _2THIRD EDITION
_a573
082 _a573
100 _a16
101 _aBIO
245 _aDISCOVER BIOLOGY
_cCAIN L.M
942 _2udc
_cBK
999 _c58807
_d58807